000 00408nam a2200157Ia 4500
005 20250423101033.0
008 250422s9999 xx 000 0 und d
020 _a0072313013
050 _aHG 4026 .R677/
245 0 _aStudent problem manual for use with fundamentals of corporate finance
260 _aBoston
260 _bMcGraw- Hill book company
260 _c2000
300 _a306 p
942 _cBK
999 _c35090
_d35090